Statistics for Breads and Pastries That Filipinos Love

Click here to take the quiz!

General Stats

  • This quiz has been taken 190 times
  • The average score is 5 of 8

Answer Stats

HintAnswer% Correct
common bread roll in the PhilippinesPandesal
98%
literally meaning "hot bun", is the Philippine version of the Cantonese steamed bun called cha siu baoSiopao
86%
baked with butter instead of lard and topped with grated cheese and sugarEnsaymada
74%
traditional Filipino baked young-coconut custard pieBuko pie
69%
rich sweet roll that uses sweetened shredded coconut meat as fillingPan de coco
67%
Philippine bean-filled moon cake-like pastry originally introduced by Fujianese immigrants in the urban centers of both nationsHopia
55%
bread roll from the Philippines made with all-purpose flour, milk, and saltMonay
38%
type of baked or fried pasty, consisting of pastry and filling, in Latin American and Filipino culturesEmpanada
28%

Score Distribution

Percentile by Number Answered

Percent of People with Each Score

Your Score History

You have not taken this quiz